Circular sobre la cuestión Tacna y Arica (Registro nro. 62064)

Detalles MARC
000 -ENCABEZADO
Número de control [NR] 00607nam a2200169Ia 4500
008 - DE LONGITUD FIJA DE DATOS DE ELEMENTOS - INFORMACIÓN GENERAL
Elementos de longitud fija [NR] 130821s1901 ck gr spa
040 ## - FUENTE DE CATALOGACION [NR]
Agencia de catalogación original [NR] Co-BoUCM
Idioma de catalogación [NR] spa
041 00 - CODIGO DE IDIOMA [R]
Código de idioma para texto/pista de sonido o título separado [R] Español
110 1# - ASIENTO PRINCIPAL--NOMBRE CORPORATIVO [NR]
Nombre corporativo o de jurisdicción como elemento de entrada [NR] Perú.
Unidad subordinada [R] Ministerio de Relaciones Exteriores
245 10 - MENCION DE TITULO [NR]
Título [NR] Circular sobre la cuestión Tacna y Arica
Mención de responsabilidad, etc. [NR] Ministerio de Relaciones Exteriores
260 ## - PUBLICACION, DISTRIBUCION, ETC. (PIE DE IMPRENTA) [R]
Lugar de publicación, distribución, etc. [R] Bogotá (Colombia)
Nombre del editor, distribuidor, etc. [R] Imprenta de la Crónica
Fecha de publicación, distribución, etc. [R] 1901
300 ## - DESCRIPCION FISICA [R]
Extensión [R] 368 páginas
650 04 - ASIENTO SECUNDARIO DE MATERIA - TERMINO TEMATICO [R]
Término temático o nombre geográfico como elemento de entrada [NR] Cuestión de Tacna y Arica
9 (RLIN) 12327
651 #7 - ASIENTO SECUNDARIO DE MATERIA - NOMBRE GEOGRAFICO [R]
Nombre geográfico [NR] Chile
Subdivisión general [R] Historia
Subdivisión cronológica [R] 1886-1896
9 (RLIN) 26603
942 ## - ELEMENTOS DE ENTRADA AGREGADOS (KOHA)
Tipo de ítem principal el descrito en 300a Libro
Tema principal Historia
Edición 1
Parte restante de la signatura top. P37cl
Sistema de clasificación DEWEY
Clasificación 983.06
Existencias
Total préstamos Signatura topográfica Código de barras Última vez visto Ejemplar Price effective from Tipo de ítem Perdido Sistema de clasificación Dañado No prestable Tipo de ítem específico Suprimido Ubicación habitual Ubicación actual Localización Fecha de creación Forma de adquisición Costo
  983.06 P37cl 3000675 15/12/2012 Ej.1 03/02/2013 Libro   DEWEY     Libro     Bib. Cavelier Acavalier 28/02/2013   0.00